| 000 | 00727cab a2200253 4500 | ||
|---|---|---|---|
| 001 | WB3005-47 | ||
| 008 | 090401t1994 xxu||||| |||| 00| 0 eng d | ||
| 035 | _a(Sirsi) u62335 | ||
| 041 | _aeng | ||
| 245 | _aFree zones | ||
| 260 | _c1994 | ||
| 350 | _a0 | ||
| 490 |
_aHM Customs and Excise News Release _v(6/94) 31 January 1994 (2) |
||
| 520 | _aFrom 1 February 1994 Humberside and Prestwick airport will be free zones, where Customs duties and VAT for imported non EC goods are suspended. | ||
| 650 | _aFREE ZONES | ||
| 650 | _aHUMBERSIDE | ||
| 650 | _aPRESTWICK AIRPORT | ||
| 650 | _aURBAN RENEWAL | ||
| 650 | _aVALUE ADDED TAX | ||
| 690 | _aLAND | ||
| 690 | _aTAXATION | ||
| 942 | _n0 | ||
| 948 | _c04/03/1997 | ||
| 999 |
_c38742 _d38742 |
||